00504 a2200169 450000100060000002000150000604000240002110000220004524000490006724500440011630000100016036200090017065000260017994200070020595201050021299900170031747283 a852940243x cAnchieta - Aquarius aCATELAN, Álvaro10a= Contos comentados de Machado de Assislpor10a= Contos comentados de Machado de Assis a129p.0 a2002 4aLiteratura brasileira cBK 00104070a87.1b87.1d2023-11-21l0o869.93 CAT CONp5826/AQUr2023-11-21 15:14:07w2023-11-21yBK c47283d47283